[Event "Copa da Paz"]
[Site "http://www.queenalice.com/game.php?id=1287474"]
[Date "2014.6.11"]
[Round "5"]
[White "juli1"]
[Black "PROFILER"]
[Result "1/2-1/2"]
[WhiteElo "2593"]
[BlackElo "2307"]

1. d4 Nf6 2. c4 d6 3. Nc3 e5 4. Nf3 e4 5. Nd2 Bf5 6. g3 c6 7. d5 Nbd7 8. Bg2
cxd5 9. cxd5 e3 10. fxe3 Be7 11. O-O Bg6 12. Nf3 Rc8 13. Qd4 Qb6 14. Nh4 Qa6 15.
Nxg6 hxg6 16. Qd3 Ne5 17. Qxa6 bxa6 18. Rf4 Bd8 19. Ra4 a5 20. h3 Bb6 21. Kf1
Ke7 22. g4 Nfd7 23. Nb5 Nc5 24. Ra3 f5 25. gxf5 gxf5 26. Rc3 Rcf8 27. Bd2 Ne4
28. Bxe4 fxe4+ 29. Kg2 Rf5 30. Be1 Nd7 31. Rac1 Rxd5 32. Nd4 Rh6 33. Bf2 Nf6 34.
Rg1 Rg5+ 35. Kh2 Rxg1 36. Bxg1 Kd7 37. Rc4 Rh5 38. Kg2 Rc5 39. Rc2 a4 40. Rd2
Nd5 41. h4 Bd8 42. Bf2 g6 43. h5 Ba5 44. Rd1 gxh5 45. Kh3 Ne7 46. Bh4 Nf5 47.
Nxf5 Rxf5 48. Bg3 d5 49. Bf4 Bb6 50. Kg3 Kc6 51. Rc1+ Bc5 52. Rc3 Kb5 53. Rc1 a3
54. b3 a5 55. Rg1 a4 56. bxa4+ Kxa4 57. Rc1 Kb5 58. Rb1+ Ka5 59. Rb7 Ka6 60. Rh7
Kb5 61. Rb7+ Kc6 62. Rc7+ Kb6 63. Rd7 Kc6 64. Rc7+ Kb5 65. Rb7+ Ka6 66. Rh7 Kb5
67. Rb7+ Kc4 68. Rb1 Kc3 1/2-1/2

[Event "Ajedrez # 1"]
[Site "http://www.queenalice.com/game.php?id=1303860"]
[Date "2014.8.24"]
[Round "1"]
[White "BlackKnight72"]
[Black "PROFILER"]
[Result "0-1"]
[WhiteElo "1766"]
[BlackElo "2289"]

1. e4 e5 2. Nf3 Nc6 3. d3 Bc5 4. Be2 Nf6 5. Nc3 d6 6. O-O h6 7. Be3 Bb6 8. Qd2
Bg4 9. Bxb6 axb6 10. a4 O-O 11. Nb5 Ne7 12. Qb4 Ng6 13. c4 Nf4 14. Bd1 Nxd3 15.
Qb3 Nc5 16. Qe3 Ncxe4 17. Nxe5 Bxd1 18. Rfxd1 Qe7 19. Nf3 Rfe8 20. Qd3 Qd7 21.
Nfd4 Re5 0-1

[Event "Ajedrez # 1"]
[Site "http://www.queenalice.com/game.php?id=1315611"]
[Date "2014.10.15"]
[Round "3"]
[White "Madagaskira"]
[Black "PROFILER"]
[Result "0-1"]
[WhiteElo "2257"]
[BlackElo "2291"]

1. e4 e5 2. Nf3 Nc6 3. d4 exd4 4. Bc4 Nf6 5. Bg5 h6 6. Bf4 Bc5 7. Nbd2 d6 8. h3
O-O 9. O-O Re8 10. Re1 Ne5 11. Bd3 a5 12. a3 Nxd3 13. cxd3 a4 14. Rc1 b6 15. Bh2
Bb7 16. Re2 Nd7 17. e5 Nxe5 18. Nxe5 dxe5 19. Ne4 Qd5 20. f3 Bd6 21. Ng3 c5 22.
Qd2 Re6 23. Rce1 Rae8 24. Kh1 Bf8 25. Qc2 b5 26. Qd2 c4 27. dxc4 bxc4 28. Rd1
Qb5 29. Bg1 Ba6 30. Re4 Rb8 31. Rg4 Qxb2 0-1

[Event "Ajedrez # 1"]
[Site "http://www.queenalice.com/game.php?id=1320463"]
[Date "2014.11.5"]
[Round "4"]
[White "PROFILER"]
[Black "Rutty"]
[Result "1-0"]
[WhiteElo "2302"]
[BlackElo "2067"]

1. e4 c5 2. Nf3 Nc6 3. Bb5 a6 4. Bxc6 dxc6 5. d3 Bg4 6. h3 Bxf3 7. Qxf3 e5 8.
O-O Nf6 9. Be3 Bd6 10. Nd2 O-O 11. b3 b5 12. a4 Qe7 13. Bg5 h6 14. Bxf6 Qxf6 15.
Qxf6 gxf6 16. Nf3 Kh7 17. Nh4 a5 18. Nf5 Bc7 19. Rfe1 Rfd8 20. Re3 b4 21. Rg3
Rg8 22. Rxg8 Rxg8 23. Re1 Bd8 24. Re3 Rg6 25. Rg3 Rg5 26. h4 Rg6 27. Kh2 h5 28.
Kh3 Kg8 29. Rf3 Kf8 30. Ng3 Rh6 31. Rf5 Ke7 32. Rxh5 Rg6 33. Nf5+ Ke6 34. Rh8
1-0

[Event "Challenge"]
[Site "http://www.queenalice.com/game.php?id=1345235"]
[Date "2015.3.3"]
[Round "-"]
[White "mthal"]
[Black "PROFILER"]
[Result "1-0"]
[WhiteElo "2261"]
[BlackElo "2267"]

1. d4 Nf6 2. c4 g6 3. Nc3 Bg7 4. e4 d6 5. Nf3 O-O 6. Be2 e5 7. O-O exd4 8. Nxd4
Re8 9. f3 c6 10. Be3 d5 11. cxd5 Nxd5 12. Nxd5 cxd5 13. Qb3 dxe4 14. Rad1 Qe7
15. fxe4 Bxd4 16. Rxd4 Nc6 17. Ra4 Be6 18. Qc3 Red8 19. Bh6 f5 20. exf5 Bxf5 21.
Bc4+ 1-0

[Event "Challenge"]
[Site "http://www.queenalice.com/game.php?id=1345244"]
[Date "2015.3.3"]
[Round "-"]
[White "toinhoxdz"]
[Black "PROFILER"]
[Result "1-0"]
[WhiteElo "2152"]
[BlackElo "2239"]

1. b3 e5 2. Bb2 Nc6 3. Nf3 e4 4. Nd4 Nxd4 5. Bxd4 d5 6. e3 Nf6 7. c4 c6 8. Nc3
Be6 9. cxd5 Bxd5 10. Bc4 Be7 11. O-O O-O 12. Bxd5 cxd5 13. d3 Rc8 14. dxe4 dxe4
15. Qb1 Qa5 16. Nxe4 Nxe4 17. Qxe4 Rc7 18. Rac1 Rfc8 19. Qg4 f6 20. Qxc8+ Rxc8
21. Rxc8+ Kf7 22. h3 Qxa2 23. Rc7 Ke6 24. Rxb7 Qa6 25. Rxa7 Qb5 26. Rfa1 Qxb3
27. R1a6+ Bd6 28. f4 1-0

[Event "Let's Play Chess!"]
[Site "http://www.queenalice.com/game.php?id=1345250"]
[Date "2015.3.4"]
[Round "-"]
[White "dnptrs"]
[Black "PROFILER"]
[Result "1/2-1/2"]
[WhiteElo "2227"]
[BlackElo "2250"]

1. d4 Nf6 2. Nf3 g6 3. g3 Bg7 4. Bg2 O-O 5. O-O d6 6. c4 Nbd7 7. Nc3 e5 8. dxe5
dxe5 9. Qc2 Re8 10. Rd1 c6 11. Bd2 Qc7 12. Rac1 Ng4 13. Ng5 h6 14. Nge4 f5 15.
f3 Ngf6 16. Nxf6+ Nxf6 17. Be3 Be6 18. c5 Nd5 19. Bf2 Rad8 20. Qb1 Nxc3 21. bxc3
Bc4 22. Bf1 Qf7 23. Qb2 a6 24. a3 Rd7 25. Qb1 Red8 26. e4 Rxd1 27. Rxd1 Rxd1 28.
Qxd1 fxe4 29. fxe4 Bxf1 30. Qxf1 Qb3 31. Qc1 Qc4 32. Qb1 Qb5 33. Qb4 a5 34. Qxb5
cxb5 35. Kf1 Kf7 36. Ke2 Ke6 37. Kd3 Kd7 38. c4 Kc6 39. Be1 Kxc5 40. Bxa5 bxc4+
41. Kc3 b5 42. g4 Bf6 43. Bb4+ Kc6 44. a4 Bg5 45. axb5+ Kxb5 46. Bd6 Bf4 47. h3
h5 48. Kc2 Kc6 49. Bb8 hxg4 50. hxg4 Kc5 51. Kc3 Bg3 52. Ba7+ Kb5 53. Bb8
1/2-1/2

[Event "Let's Play Chess!"]
[Site "http://www.queenalice.com/game.php?id=1345253"]
[Date "2015.3.4"]
[Round "-"]
[White "PROFILER"]
[Black "dnptrs"]
[Result "0-1"]
[WhiteElo "2249"]
[BlackElo "2236"]

1. e4 c5 2. Nf3 e6 3. d3 Nc6 4. g3 Nf6 5. Bg2 Qc7 6. O-O Be7 7. Re1 d6 8. c3 O-O
9. d4 e5 10. d5 Nd8 11. a4 h6 12. a5 Rb8 13. h3 Nh7 14. b4 b6 15. axb6 axb6 16.
bxc5 bxc5 17. Qa4 Bd7 18. Qa2 f5 19. Nbd2 Nf6 20. c4 fxe4 21. Nxe4 Nf7 22. Nfd2
Bf5 23. Nxf6+ Bxf6 24. Ne4 Bxe4 25. Bxe4 Qd7 26. Kh2 Bg5 27. Bxg5 Nxg5 28. Bg2
Nf3+ 29. Bxf3 Rxf3 30. Rab1 Rbf8 31. Re2 Qf5 32. Kg2 Rd3 33. Rbe1 Qf3+ 34. Kg1
Rc3 35. Re4 Rb8 36. Qe2 Qxe2 37. R1xe2 Rb4 38. f4 Rxg3+ 39. Kh2 exf4 40. Rxf4
Rbb3 41. Re6 Rgd3 42. Rxd6 Rb2+ 43. Kg1 Rg3+ 44. Kh1 Rxh3+ 45. Kg1 Rc2 46. Rd8+
Kh7 47. Rd7 Rg3+ 48. Kh1 Rd3 49. Rg4 Rd1+ 50. Rg1 Rxg1+ 51. Kxg1 Rxc4 52. Rc7
Rc2 53. d6 Rd2 54. Rxc5 Rxd6 55. Rc7 Rd2 56. Ra7 h5 57. Rb7 Kh6 58. Rb5 h4 59.
Ra5 g5 60. Rb5 h3 61. Ra5 Kh5 62. Rb5 Kh4 63. Rb4+ g4 64. Ra4 Re2 65. Rc4 Kg3
66. Rc3+ Kf4 0-1

[Event "Challenge"]
[Site "http://www.queenalice.com/game.php?id=1345323"]
[Date "2015.3.3"]
[Round "-"]
[White "PROFILER"]
[Black "toinhoxdz"]
[Result "1-0"]
[WhiteElo "2224"]
[BlackElo "2126"]

1. e4 g6 2. d4 Bg7 3. Nc3 d6 4. Nf3 Nc6 5. Be3 Nf6 6. h3 a6 7. a4 Bd7 8. Bd3 e5
9. dxe5 Nxe5 10. Nxe5 dxe5 11. O-O Qe7 12. Qf3 Be6 13. Rfd1 O-O 14. Bg5 h6 15.
Bxf6 Qxf6 16. Qxf6 Bxf6 17. Nd5 Bxd5 18. exd5 Rfd8 19. Bc4 Rd6 20. Bb3 Rad8 21.
c3 c6 22. dxc6 Rxd1+ 23. Rxd1 Rxd1+ 24. Bxd1 bxc6 25. a5 Bd8 26. b4 1-0

[Event "Challenge"]
[Site "http://www.queenalice.com/game.php?id=1345324"]
[Date "2015.3.3"]
[Round "-"]
[White "PROFILER"]
[Black "mthal"]
[Result "0-1"]
[WhiteElo "2237"]
[BlackElo "2273"]

1. e4 c5 2. Nf3 Nc6 3. Bb5 a6 4. Bxc6 dxc6 5. d3 Qc7 6. Be3 e5 7. Nbd2 f6 8. O-O
Be6 9. a3 Bd6 10. b3 Ne7 11. Nc4 Bxc4 12. bxc4 O-O 13. g4 Qd7 14. h3 h5 15. Nh4
b5 16. Nf5 hxg4 17. Qxg4 Nxf5 18. exf5 Qf7 19. Kh1 Rfd8 20. Rg1 bxc4 21. dxc4
Bf8 22. Bh6 Rd4 23. Qf3 Rxc4 24. Qxc6 Ra7 25. Rg6 Qb7 26. Qxb7 Rxb7 27. Rag1
Rxc2 28. Rxf6 Rxf2 29. Rxa6 Rbb2 30. Rg3 Rf1+ 0-1

[Event "Challenge"]
[Site "http://www.queenalice.com/game.php?id=1345729"]
[Date "2015.3.5"]
[Round "-"]
[White "elcurazul"]
[Black "PROFILER"]
[Result "1-0"]
[WhiteElo "2302"]
[BlackElo "2292"]

1. e4 e5 2. Nf3 Nc6 3. Bb5 Nge7 4. Bxc6 Nxc6 5. O-O Bc5 6. Nxe5 Nxe5 7. d4 Bd6
8. dxe5 Bxe5 9. f4 Bf6 10. e5 Be7 11. f5 f6 12. Qh5+ Kf8 13. Nc3 fxe5 14. f6
Bxf6 15. Bh6 Qe8 16. Rxf6+ 1-0

[Event "Challenge"]
[Site "http://www.queenalice.com/game.php?id=1345730"]
[Date "2015.3.5"]
[Round "-"]
[White "Ragnor"]
[Black "PROFILER"]
[Result "1-0"]
[WhiteElo "2230"]
[BlackElo "2306"]

1. e4 e5 2. Nf3 Nc6 3. Bc4 Bc5 4. c3 Nf6 5. d4 exd4 6. Ng5 O-O 7. Bxf7+ Rxf7 8.
Nxf7 Kxf7 9. cxd4 Bxd4 10. Qb3+ d5 11. exd5 Qxd5 12. Qxd5+ Be6 13. Qb5 1-0

[Event "Challenge"]
[Site "http://www.queenalice.com/game.php?id=1345733"]
[Date "2015.3.5"]
[Round "-"]
[White "PROFILER"]
[Black "elcurazul"]
[Result "0-1"]
[WhiteElo "2331"]
[BlackElo "2281"]

1. e4 e5 2. Nf3 Nc6 3. Bb5 Nf6 4. O-O Nxe4 5. d4 exd4 6. Nxd4 Qf6 7. Bxc6 dxc6
8. Qd3 Nc5 9. Qe3+ Ne6 10. Nc3 Qxd4 11. Ne2 Qc4 0-1

[Event "Let's Play Chess!"]
[Site "http://www.queenalice.com/game.php?id=1345739"]
[Date "2015.3.6"]
[Round "-"]
[White "PROFILER"]
[Black "franz_ferdinand"]
[Result "1/2-1/2"]
[WhiteElo "2317"]
[BlackElo "2128"]

1. e4 d5 2. exd5 Qxd5 3. Nc3 Qd6 4. d4 c6 5. Nf3 Nf6 6. Bd3 Bg4 7. O-O e6 8. Ne4
Nxe4 9. Bxe4 Be7 10. c3 Nd7 11. h3 Bh5 12. Qe2 O-O 13. g3 Nf6 14. Bg5 Nxe4 15.
Qxe4 Bxf3 16. Bxe7 Bxe4 17. Bxd6 Rfd8 18. Rfe1 Bg6 19. Ba3 Rd5 20. Re3 Rad8 21.
Rae1 h6 22. g4 a6 23. f4 b5 24. Bc5 1/2-1/2

[Event "Let's Play Chess!"]
[Site "http://www.queenalice.com/game.php?id=1345740"]
[Date "2015.3.6"]
[Round "-"]
[White "franz_ferdinand"]
[Black "PROFILER"]
[Result "1/2-1/2"]
[WhiteElo "2134"]
[BlackElo "2311"]

1. e4 e5 2. Nf3 Nc6 3. Bb5 a6 4. Ba4 Nf6 5. O-O Be7 6. Re1 b5 7. Bb3 d6 8. c3
O-O 9. d4 Bg4 10. d5 Na5 11. Bc2 c6 12. b4 Nc4 13. dxc6 Qc7 14. Nbd2 Qxc6 15.
Nxc4 Qxc4 16. Bb2 Rac8 17. Bd3 Qe6 18. a4 Qd7 19. axb5 axb5 20. Ra5 Rb8 21. Qe2
Bxf3 22. Qxf3 Bd8 23. Ra6 Rb7 24. Rd1 Bc7 25. Bc2 Qe6 26. Bc1 Qc4 27. Bd2 Rfb8
28. Bd3 Qe6 29. Rda1 1/2-1/2

[Event "Let's Play Chess!"]
[Site "http://www.queenalice.com/game.php?id=1345742"]
[Date "2015.3.6"]
[Round "-"]
[White "PROFILER"]
[Black "franz_ferdinand"]
[Result "1-0"]
[WhiteElo "2266"]
[BlackElo "1741"]

1. e4 e5 2. Nf3 Nc6 3. Bb5 Nf6 4. O-O Nxe4 5. d4 Nd6 6. Bxc6 dxc6 7. dxe5 Nf5 8.
Qxd8+ Kxd8 9. Nc3 Be6 10. Ng5 Bb4 11. Nxe6+ fxe6 12. Bg5+ Ke8 13. Ne4 h6 14. Bd2
Bxd2 15. Nxd2 Rd8 16. Nf3 g5 17. h3 Ke7 18. Rad1 c5 19. c3 b6 20. Rfe1 Ng7 21.
Kf1 Nh5 22. g3 Rhf8 23. Rxd8 Rxd8 24. Ke2 Ng7 25. Rd1 Rxd1 26. Kxd1 Kf7 27. g4
Ne8 28. Kc2 a6 29. Kd3 Ke7 30. a4 Kd7 31. Kc4 Kc6 32. h4 b5+ 33. axb5+ axb5+ 34.
Kd3 gxh4 35. Nxh4 Kd5 36. f4 Ng7 37. b3 Kc6 38. Ke4 1-0

[Event "Let's Play Chess!"]
[Site "http://www.queenalice.com/game.php?id=1345743"]
[Date "2015.3.6"]
[Round "-"]
[White "franz_ferdinand"]
[Black "PROFILER"]
[Result "0-1"]
[WhiteElo "1743"]
[BlackElo "2265"]

1. d4 Nf6 2. c4 e5 3. dxe5 Ng4 4. Nf3 Bc5 5. e3 Nc6 6. Be2 Ngxe5 7. Nc3 O-O 8.
O-O d6 9. a3 a5 10. Ne4 Bb6 11. Bd2 Nxf3+ 12. Bxf3 Bf5 13. Bc3 Qe7 14. Ng3 Bg6
15. Bh5 Qg5 16. Qg4 Qxg4 17. Bxg4 Ne5 18. Be2 f6 19. Rfd1 a4 20. Bxe5 fxe5 21.
Bf3 Rab8 22. Rac1 Bc5 23. Be4 Rf6 24. Bxg6 Rxg6 25. Ne4 b6 26. Nc3 Ra8 27. Nd5
Re8 28. Nxc7 Re7 29. Nd5 Rf7 30. Nc3 Ra7 31. Ne4 Rf7 32. Rd2 Rd7 33. Rcd1 Kf7
34. Rd5 Ke7 35. Nc3 Ra7 36. Nb5 Rd7 37. R1d2 Rg4 38. Rc2 Rg6 39. Nc3 Ra7 0-1

[Event "Challenge"]
[Site "http://www.queenalice.com/game.php?id=1345818"]
[Date "2015.3.5"]
[Round "-"]
[White "PROFILER"]
[Black "Ragnor"]
[Result "1-0"]
[WhiteElo "2226"]
[BlackElo "2245"]

1. e4 c5 2. Nf3 Nc6 3. Bb5 e6 4. O-O Nge7 5. Re1 Qb6 6. Bf1 Ng6 7. c3 Nce5 8. d4
cxd4 9. cxd4 Nxf3+ 10. gxf3 Qc7 11. Nc3 Bb4 12. Be3 O-O 13. Rc1 Qb8 14. a3 Bxc3
15. Rxc3 b6 16. Qc2 Bb7 17. Rc1 f5 18. Rc7 Nh4 19. Bg2 Nxg2 20. Kxg2 1-0

[Event "Let's Play Chess!"]
[Site "http://www.queenalice.com/game.php?id=1347222"]
[Date "2015.3.15"]
[Round "-"]
[White "dnptrs"]
[Black "PROFILER"]
[Result "1-0"]
[WhiteElo "2207"]
[BlackElo "2347"]

1. d4 Nf6 2. Nf3 d6 3. c4 g6 4. g3 Bg7 5. Bg2 O-O 6. O-O Nbd7 7. Nc3 e5 8. dxe5
dxe5 9. Qc2 c6 10. Rd1 Qe7 11. e4 Re8 12. Bg5 h6 13. Bd2 a5 14. h3 Nc5 15. a3 a4
16. Rab1 Bd7 17. Be3 b5 18. cxb5 cxb5 19. Nd5 1-0

[Event "Let's Play Chess!"]
[Site "http://www.queenalice.com/game.php?id=1347223"]
[Date "2015.3.15"]
[Round "-"]
[White "PROFILER"]
[Black "dnptrs"]
[Result "1-0"]
[WhiteElo "2339"]
[BlackElo "2193"]

1. e4 c5 2. Nf3 e6 3. d4 cxd4 4. Nxd4 Nf6 5. Nc3 Bb4 6. e5 Ng8 7. Bd3 Bxc3+ 8.
bxc3 d6 9. Qe2 dxe5 10. Qxe5 Qf6 11. Qb5+ Nd7 12. O-O Ne7 13. Bg5 Qe5 14. Rae1
Qc7 15. Nxe6 1-0

[Event "Let's Play Chess!"]
[Site "http://www.queenalice.com/game.php?id=1347224"]
[Date "2015.3.14"]
[Round "-"]
[White "janeil"]
[Black "PROFILER"]
[Result "1-0"]
[WhiteElo "2497"]
[BlackElo "2255"]

1. e4 e5 2. Nf3 Nc6 3. Bb5 Nge7 4. O-O Ng6 5. d4 exd4 6. c3 d3 7. Bxd3 Be7 8.
Nd4 O-O 9. Nf5 Bf6 10. f4 d6 11. Be3 Bxf5 12. exf5 Nge7 13. Qf3 d5 14. g4 d4 15.
Bf2 h6 16. Be4 Nc8 17. Na3 Rb8 18. Rad1 Nd6 19. Bd5 Re8 20. Nc4 Nxc4 21. Bxc4
Qd6 22. g5 hxg5 23. Qh5 1-0

[Event "Let's Play Chess!"]
[Site "http://www.queenalice.com/game.php?id=1347927"]
[Date "2015.3.17"]
[Round "-"]
[White "PROFILER"]
[Black "jizaias"]
[Result "0-1"]
[WhiteElo "2280"]
[BlackElo "2191"]

1. b3 d5 2. Bb2 c5 3. e3 Nf6 4. f4 Nc6 5. Bb5 Bd7 6. Ne2 a6 7. Bxc6 Bxc6 8. O-O
e6 9. f5 exf5 10. Rxf5 Be7 11. d3 O-O 12. Nd2 Ng4 13. Rf3 Bg5 14. e4 Be3+ 15.
Kh1 Qh4 16. Nf1 Nf2+ 17. Rxf2 Bxf2 18. Neg3 dxe4 19. dxe4 f5 20. Qd6 Bxe4 21.
Qe5 Bd4 22. Bxd4 cxd4 0-1